| 000 | 01015nam a22003017a 4500 | ||
|---|---|---|---|
| 005 | 20111114115321.0 | ||
| 008 | 111114t xxu||||| |||| 00| 0 eng d | ||
| 010 | _aENG-104094 | ||
| 020 |
_a9789380658803 _c695.00 |
||
| 035 | _aEN-87627 | ||
| 037 | _bDBAD/PUB | ||
| 040 |
_aDPL _bEng |
||
| 082 | _a880 | ||
| 100 | _935772 | ||
| 245 |
_aThe best of quest / _cedited by Laeeq Futehally, Achal Prabhala [and] Arshia Sattar |
||
| 260 |
_aChennai _bTranquebar Press _c2011 |
||
| 270 |
_aVenkat Towers, 165, P.H. Road, Maduravoyal _bChennai _e600095 |
||
| 300 |
_axxxi,600p. _c25cm (pbk) |
||
| 520 | _aShort stories, poems, and articles on terrorism in South Asia. | ||
| 600 | _935777 | ||
| 650 | _935779 | ||
| 651 | _935773 | ||
| 700 |
_935790 _aFutehally, Laeeq |
||
| 700 |
_aPrabhala, Achal _935816 |
||
| 700 |
_aSattar, Arshia _935817 |
||
| 942 |
_2ddc _cEN _mBES _h880 |
||
| 999 |
_c58326 _d58326 |
||